Italian Days of the Week - Statistics

General Stats
  • This quiz has been taken 56 times
  • The average score is 6 of 7
Answer Stats
Hint Answer % Correct
Monday Lunedi
92%
Wednesday Mercoledi
84%
Saturday Sabato
80%
Sunday Domenica
76%
Tuesday Martedi
76%
Thursday Giovedi
72%
Friday Venerdi
72%
No matching quizzes found
Score Distribution
Percent of People with Each Score
Percentile by Number Answered
Your Score History
You have not taken this quiz